Kannst du diese 30 Länder anhand von nur 1 Hinweis erraten? - Statistiken

Allgemein
  • Dieses Quiz wurde 94 mal gespielt
  • Das Durchschnittsergebnis liegt bei 21 aus 27
Antwortstatistiken
Hint Antwort % Korrekt
Hat Tokio als Hauptstadt Japan
100%
Größtes Land der Welt Russland
99%
Hat pyramiden Ägypten
98%
Hat die Form eines Stiefels Italien
98%
Hat eine Blatt-Flagge Kanada
96%
Liegt südlich von Deutschland Österreich
95%
Kleinster Staat der Welt Vatikanstadt
95%
Liegt zwischen Frankreich und Spanien Andorra
94%
Hauptstadt ist Canberra Australien
92%
Liegt in Südamerika und spricht Portugiesisch Brasilien
90%
Hat die meisten Einwohner der Welt Indien
90%
Liegt östlich von Deutschland Polen
90%
Liegt in Skandinavien und ist kein EU-Mitglied Norwegen
89%
Ist ein Kontinent und Land Australien
86%
Hat den Mount Everest Nepal
81%
Hat die meisten Einwohner in Afrika Nigeria
79%
Hat eine rote Flagge mit gelben Sternen China
75%
Liegt in Afrika und hat die Hauptstadt Nairobi Kenia
75%
Liegt südlich von Indien Sri Lanka
74%
Größte Insel der Welt Grönland
71%
Liegt auf der arabischen Halbinsel Saudi Arabien
71%
Liegt in Mitteleuropa und hat keine Küste Schweiz
68%
Liegt komplett im Himalaya Bhutan
64%
Liegt westlich von Portugal Spanien
54%
Hat die meisten Inseln der Welt Norwegen
45%
Hat die meisten Pyramiden Sudan
19%
Hat keine Hauptstadt Nauru
7%
Keine übereinstimmenden Quizze gefunden
Verteilung der Resultate
Anzahl Personen mit jedem Resultat
Perzentil nach korrekt beantworteten Fragen
Ihre Resultats-Entwicklung
Sie haben dieses Quiz noch nicht gespielt